Countries with Miss Universe Winners - Statistics

General Stats
  • This quiz has been taken 1,499 times
  • The average score is 25 of 35
Answer Stats
Times won Last win Country / Territory % Correct
9 2022 United States
99%
3 2020 Mexico
93%
2 2016 France
92%
3 2021 India
91%
2 2014 Colombia
90%
7 2013 Venezuela
90%
2 2007 Japan
89%
2 1968 Brazil
88%
1 2002 Russia
88%
2 2004 Australia
87%
2 2005 Canada
87%
3 2019 South Africa
84%
1 1974 Spain
84%
3 1984 Sweden
82%
1 1962 Argentina
80%
1 1961 Germany
78%
4 2018 Philippines
78%
1 1987 Chile
76%
1 1990 Norway
75%
1 1957 Peru
75%
2 1975 Finland
72%
2 1988 Thailand
72%
1 1983 New Zealand
69%
1 2002 Panama
64%
1 1964 Greece
62%
1 1989 Netherlands
62%
1 2003 Dominican Republic
57%
1 2023 Nicaragua
55%
1 1976 Israel
53%
5 2006 Puerto Rico
47%
2 1998 Trinidad and Tobago
41%
1 2011 Angola
39%
1 1999 Botswana
32%
1 1971 Lebanon
32%
1 1992 Namibia
32%
No matching quizzes found
Score Distribution
Percent of People with Each Score
Percentile by Number Answered
Your Score History
You have not taken this quiz